La fuga del gran elefante
-д хадгалсан:
| Үндсэн зохиолч: | |
|---|---|
| Формат: | Ном |
| Хэл сонгох: | испани |
| Хэвлэсэн: |
Santiago
Andrés Bello
1994
|
| Хэвлэл: | 1a. ed |
| Нөхцлүүд: | |
| Шошгууд: |
Шошго нэмэх
Шошго байхгүй, Энэхүү баримтыг шошголох эхний хүн болох!
|
MARC
| LEADER | 00000cam a2200000 a 4500 | ||
|---|---|---|---|
| 001 | UCH8564 | ||
| 003 | CL-VaPUC | ||
| 008 | 091127e19940300CL |||||||||||||||||spa|d | ||
| 020 | |a 9561312050 | ||
| 082 | 0 | 4 | |a 823 |b CRO |2 21 |
| 100 | 0 | |a Cross, Gillian |e author |9 545169 | |
| 245 | 1 | 3 | |a La fuga del gran elefante |
| 250 | |a 1a. ed | ||
| 300 | |a 247 p | ||
| 942 | |c BK | ||
| 945 | |d 20091127 00:00:00 |a lazolas | ||
| 260 | |a Santiago |b Andrés Bello |c 1994 | ||
| 500 | |a Ilustrado por Andrés Jullian | ||
| 500 | |a Premio Smarties y Whitbread, Inglaterra 1992 | ||
| 650 | 0 | |a Novelas inglesas |9 265220 | |
| 650 | 0 | |a Literatura infantil |9 307465 | |
| 583 | |a last modification |c 20190505 05:38:37 |k Rodrigo Vera | ||
| 999 | |c 338775 |d 338773 | ||